Rich internet applications / (Record no. 18081)

MARC details
000 -LEADER
fixed length control field 00897nam a22002537a 4500
008 - FIXED-LENGTH DATA ELEMENTS--GENERAL INFORMATION
fixed length control field 081106t xxu||||| |||| 00| 0 eng d
010 ## - LCCN (DPL NO)
LC control number ENG-91529
020 ## - INTERNATIONAL STANDARD BOOK NUMBER
Terms of availability 135.00
035 ## - SYSTEM CONTROL NUMBER
System control number EN-75062
037 ## - SOURCE OF ACQUISITION
Source of stock number/acquisition DBAD / PUB
040 ## - CATALOGING SOURCE
Original cataloging agency dpl
Language of cataloging English
082 ## - DEWEY DECIMAL CLASSIFICATION NUMBER
Classification number 004.678
100 ## - MAIN ENTRY--PERSONAL NAME
Personal name Sundar, D.
245 ## - TITLE STATEMENT
Title Rich internet applications /
Statement of responsibility, etc by D. Sundar
260 ## - PUBLICATION, DISTRIBUTION, ETC. (IMPRINT)
Place of publication, distribution, etc Sivakasi
Name of publisher, distributor, etc Velsen Art Crafts
Date of publication, distribution, etc 2008
270 ## - ADDRESS
Address 2/2691 Sasi Nagar,
City Sivakasi
Postal code 626123
300 ## - PHYSICAL DESCRIPTION
Extent iii, 114p.
Dimensions 30cm (pbk)
650 ## - SUBJECT ADDED ENTRY--TOPICAL TERM
Topical term or geographic name as entry element Web site development.
650 ## - SUBJECT ADDED ENTRY--TOPICAL TERM
Topical term or geographic name as entry element Internet programming.
650 ## - SUBJECT ADDED ENTRY--TOPICAL TERM
Topical term or geographic name as entry element Ajax (Web site development technology)
650 ## - SUBJECT ADDED ENTRY--TOPICAL TERM
Topical term or geographic name as entry element Application software
General subdivision Development
942 ## - ADDED ENTRY ELEMENTS (KOHA)
Source of classification or shelving scheme Dewey Decimal Classification
Item type English Books
Call number suffix SUN
Classification part 004.678
Holdings
Withdrawn status Lost status Source of classification or shelving scheme Damaged status Not for loan Collection code Home library Current library Date acquired Cost, normal purchase price Total Checkouts Full call number Barcode Date last seen Copy number Cost, replacement price Koha item type
    Dewey Decimal Classification   Not For Loan Non-fiction D.B.Act.Division D.B.Act.Division 06/11/2008 135.00   004.678 SUN EN-75062 06/11/2008 1 135.00 English Books

© Delhi Public Library
Hit Counter
free hit counter